000 00700nam a2200253Ia 4500
003 OSt
005 20220924114456.0
006 a|||||r|||| 00| 0
007 ta
008 220923b |||||||| |||| 00| 0 ara d
024 _a342058
037 _cTextual
040 _aARTS
_cARTS
_bara
041 _2ara
_aara
082 _aQ7v46,D7, 28M3
100 _aAtwan Hussain Au.
_9173780
245 0 _aAl-dawah al-Abbasiyah
_b mabadi wa asaleeb
260 _aBeirut
_bDar-al-jail Lebanon
_c1983
300 _a343p.
_ccm.
650 _a PROPHETS
_94238
650 _aISLAM - HISTORY
942 _hQ7v46,D7, 28M3
_cTEXL
_2CC
999 _c393759
_d393759